00722nam a2200253Ia 4500003000400000005001700004008004100021020001800062040000700080041000800087082001900095100002400114245002600138250000600164260004700170300000800217365001300225440000600238650002900244906002800273942001200301999001900313952013600332OSt20230317100306.0210423s2012 xx 000 0 und d a9788177585421 cAL aeng a547 223bFINI aFINAR (I L).943982 aOrganic chemistry.V1. a5 aNew DelhibPearson Education Pvt Ltdc2012 a956 b625cINR v1 aOrganic Chemistry943983 achemistry.V1. ; Organic 2ddccBK c153702d153702 001040708ACaSACPGbSACPGd2007-12-04eHigginbothams Pvt Ltdg625.00l0o547 FINIpPG000169r2022-08-24 00:00:00w2021-04-26yBK